| 000 | 00497nam a22001817a 4500 | ||
|---|---|---|---|
| 005 | 20260604111057.0 | ||
| 008 | 260604b |||||||| |||| 00| 0 eng d | ||
| 020 |
_a9788179757864 _c795.00 |
||
| 040 | _aMAIN | ||
| 041 | _aEnglish | ||
| 082 |
_a659.1 _bSIN |
||
| 100 |
_aSingh, Bhagwan _917846 |
||
| 245 |
_aWeb Based Advertising _b: A Tool of Digital And Internet Based Marketing |
||
| 260 |
_aNew Delhi _bAnamika _c2025 |
||
| 300 | _a175 | ||
| 650 |
_aCommerce (PM USHA _926705 |
||
| 942 | _cBK | ||
| 999 |
_c60985 _d60985 |
||